000 01350nam a2200253 a 4500
008 100727s2006 ||||||||||||||||| || u
020 _a0415407419
050 _aTN 291 Hus
100 _aHustrulid, William
245 1 0 _aOpen pit mine planning & design. -- 2nd ed.
_cWilliam Hustrulid and Mark Kuchta
250 _a2nd ed.
260 _aLondon:
_bTaylor & Francis
_c2006
300 _a2v.: ill. + CD-ROM
350 _a0.00
500 _aContents: v. 1. Fundamentals. -- v. 2. CSMine software package and orebody case examples. Accompanied with a CD-ROM
650 _aMINING
650 _aSTRIP MINING
650 _aSTRIP MINING--DESIGN--DATA PROCESSING
700 _aKuchta, Mark
995 _D0.00
_FCBU-MAIN LIBRARY (Kitwe)
_H1
_I0.00
_M1
_UAVAILABLE
_WAug 9, 2010
_ZMain Library Open Access Collection
995 _D0.00
_FCBU-MAIN LIBRARY (Kitwe)
_H1
_I0.00
_M3 (vol. 2)
_UAVAILABLE
_WOct 27, 2010
_ZShort Loan Collection
995 _D0.00
_FCBU-MAIN LIBRARY (Kitwe)
_H1
_I0.00
_M4 (vol. 1)
_UDAMAGED
_WOct 27, 2010
_ZMain Library Open Access Collection
995 _D0.00
_FCBU-MAIN LIBRARY (Kitwe)
_H1
_I0.00
_M2
_UAVAILABLE
_WAug 9, 2010
_ZShort Loan Collection
999 _c81569
_d81569